| 000 | 00990nac a22002771u 4500 | ||
|---|---|---|---|
| 003 | EG-ScBUE | ||
| 005 | 20220327111654.0 | ||
| 008 | 200219s1973 ii f 000 0 eng d | ||
| 040 |
_aEG-ScBUE _beng _erda _cEG-ScBUE _dEG-ScBUE |
||
| 041 | 1 |
_aeng _hper |
|
| 082 | 0 | 4 |
_a891.5511 _bSHA _222 |
| 245 | 0 | 4 |
_aThe Shah-namah of Fardusi / _ctranslated from the original Persian by Alexander Rogers. |
| 264 | 1 |
_aDelhi : _bHeritage Publisher's, _c1973. |
|
| 300 |
_axv, 551 pages ; _c22 cm |
||
| 336 |
_2rdacontent _atext _btxt |
||
| 337 |
_2rdamedia _aunmediated _bn |
||
| 338 |
_2rdacarrier _avolume _bnc |
||
| 546 | _aText in English ; translated from the original Persian. | ||
| 600 | 0 | 7 |
_aFirdawsī. _tŠāhʹnāmah. _2BUEsh |
| 650 | 7 |
_aEpic literature, Persian _xTranslations into English. _2BUEsh _933616 |
|
| 651 | _2BUEsh | ||
| 653 |
_bGGEN _cMarch2022 |
||
| 655 |
_vReading book _934232 |
||
| 700 | 1 |
_aRogers, Alex, _d1876-1930, _etranslator. |
|
| 942 |
_cBB _k891.5511 SHA _2ddc |
||
| 999 |
_c9729 _d9729 |
||